000 01050cam a22003257a 4500
003 CHAP
005 20220329135933.0
008 971013s1962 r 00010 d
010 _a44373
011 _a45345
035 _a49484
040 _cCHAP
090 _aTesis
100 0 0 _aRamírez Martínez, Daniel.
_994130
245 1 3 _aEl cultivo de arroz en la cuenca de Tepalcatepec y nuevas variedades
260 _aChapingo, Méx. :
_bEl autor,
_c1962
300 _a53 h.
502 _aTesis (Ing. Agr. Esp. en Fitopatología) -- ENA. Departamento de Fitotecnia
590 _aALEPH
_b10
_c20130110
_lUCH01
_h1313
590 _aBATCH-UPD
_b10
_c20130109
_lUCH01
_h2329
590 _aBATCH-UPD
_b10
_c20130110
_lUCH01
_h2121
590 _aBATCH-UPD
_b10
_c20130410
_lUCH01
_h1431
590 _aBATCH-UPD
_b10
_c20130914
_lUCH01
_h0409
590 _aCONVERSION
_b10
_c20130109
_lUCH01
_h1324
650 1 4 _aArroz
_xMichoacán.
_97633
650 1 4 _aArroz
_xVariedades.
_97668
901 _aBK
942 _cTESIS
949 _bBC
_cTES
_d-111626
_eTS1
_i49484
_si
999 _c44373
_d44373